Arctic Monkeys Lyrics - Stickin' To The Floor - Statistics

General Stats
  • This quiz has been taken 16 times
  • The average score is 83 of 111
Answer Stats
Lyrics % Correct
floor
100%
no
100%
stick
100%
stickin'
100%
the
100%
to
100%
you
100%
you,
100%
an
93%
in
93%
Not
86%
not
86%
of
86%
on
86%
one
86%
ounce
86%
style
86%
ya
86%
ya,
86%
at
79%
got
79%
has
79%
more
79%
and
71%
And
71%
around
71%
I'm
71%
lookin'
71%
sick
71%
want
71%
when
71%
Don't
64%
down
64%
fall
64%
it
64%
pick
64%
up
64%
your
64%
all
57%
f***
57%
out?
57%
Said,
57%
me
50%
strange
50%
break
43%
nose
43%
somebody
43%
Well,
43%
Won't
43%
let
36%
pushin'
21%
they
21%
toes
21%
keep
14%
steppin'
14%
If
7%
No matching quizzes found
Score Distribution
Percent of People with Each Score
Percentile by Number Answered
Your Score History
You have not taken this quiz